000 00285nam a22001337a 4500
008 170425b xxu||||| |||| 00| 0 eng d
020 _a9781579595012
041 _aeng
080 _a54
100 _a12
101 _aSHM
245 _aCHEMISTRY SUCCES
_cLARK.S.M
942 _2udc
_cBK
999 _c11932
_d11932